000 00990pam a2200325 a 4500
999 _c723
_d723
001 016968676
003 UkOxU
005 20191205131528.0
008 071207s2008 enkb j 000 1 eng d
015 _aGBA7A1339
_2bnb
020 _a9780141321004 (pbk.)
020 _a0141321008 (pbk.)
035 _a(Uk)014469158
040 _aStDuBDS
_beng
_cStDuBDS
_dUk
042 _aukblcatcopy
082 _aFIC STE
100 1 _aStevenson, Robert Louis,
_d1850-1894.
_eauthor
245 1 0 _aTreasure Island /
_cRobert Louis Stevenson ; introduced by Eoin Colfer.
250 _a[New ed.]
260 _aLondon :
_bPuffin,
_c2008.
300 _ax, 302 p. :
_bmap ;
_c18 cm.
490 1 _aPuffin classics
500 _aFirst published in Puffin books: 1946.
650 0 _aPirates
_vJuvenile fiction.
700 _aColfer, Eoin
_eWriter of introduction
830 0 _aPuffin classics.
942 _2ddc
_cFIC